La celebración de tratados en el orden constitucional/ (Registro nro. 131017)

Detalles MARC
000 -LEADER
fixed length control field 00935cam a2200229 4500
008 - FIXED-LENGTH DATA ELEMENTS--GENERAL INFORMATION
fixed length control field 100216s2008 mx 000 0 spa u
050 04 - LIBRARY OF CONGRESS CALL NUMBER
Classification number KZ1301
Item number R63 2008
100 1# - MAIN ENTRY--PERSONAL NAME
Personal name Rodríguez Huerta, Gabriela
245 13 - TITLE STATEMENT
Title La celebración de tratados en el orden constitucional/
Statement of responsibility, etc Gabriela Rodríguez Huerta; prol. de José Roldán Xopa, Luis Raigosa Sotelo
250 ## - EDITION STATEMENT
Edition statement 1a. ed.
260 ## - PUBLICATION, DISTRIBUTION, ETC. (IMPRINT)
Place of publication, distribution, etc México :
Date of publication, distribution, etc Senado de la República, Instituto Tecnológico Autónomo de México,
-- 2008
300 ## - PHYSICAL DESCRIPTION
Extent 123 p. ;
Dimensions 22 cm. + 1 cd-room (4 3/4 plg.)
440 #0 - SERIES STATEMENT/ADDED ENTRY--TITLE
Title El Quehacer en la LX Legislatura, Antecedentes y entorno
504 ## - BIBLIOGRAPHY, ETC. NOTE
Bibliography, etc Bibliografía :p. 117-120 e índice
506 ## - RESTRICTIONS ON ACCESS NOTE
Terms governing access Donación
650 #7 - SUBJECT ADDED ENTRY--TOPICAL TERM
Topical term or geographic name as entry element Tratados
General subdivision Negociación
Geographic subdivision México
Source of heading or term Lemb
651 #7 - SUBJECT ADDED ENTRY--GEOGRAPHIC NAME
Geographic name México
General subdivision Relaciones Exteriores
-- Tratados
Source of heading or term Lemb
700 1# - ADDED ENTRY--PERSONAL NAME
Personal name Roldán Xopa, José, prol.
700 1# - ADDED ENTRY--PERSONAL NAME
Personal name Raigosa Sotelo, Luis, prol.
942 ## - ADDED ENTRY ELEMENTS (KOHA)
Source of classification or shelving scheme Biblioteca del Cogreso de los Estados Unidos
Koha item type Libro
Existencias
Estado de pérdida Fuente de clasificación Estado del daño No para préstamo Ubicación permanente Ubicación actual Apartado o colección Fecha de adquisición Edición Enumeración de Serie / Cronológica Área del conocimiento Clasificación Código de Barras Date last seen Número de copia Tipo de recurso
  Biblioteca del Cogreso de los Estados Unidos     Biblioteca de la Unidad de Ciencias Ingeniería y Humanidades Biblioteca de la Unidad de Ciencias Ingeniería y Humanidades General 18/10/2017 1a. ed. BCU000016909 Educación y Humanidades KZ1301 R63 2008 BCU000016909 18/10/2017 1 Libro